000 01213nam a2200325 i 4500
003 EG-GICUC
005 20260121101537.0
008 251224m19671387ua ||||fr|||| 000 0 ara d
040 _a EG-GICUC
_bara
_c EG-GICUC
_d EG-GICUC
_erda
041 _aara
082 0 4 _221
_a345.25
_bخ ا . إ
092 0 4 _221
099 _aLaw1 07 345.25 خ ا . إ 1967
100 0 _aخالد عبدالحميد فراج
_eمؤلف.
245 1 2 _aالإدارة المحلية والحكم فى عهد الثورة :
_bعلماً وعملاً فى 15 سنة /
_cخالد عبدالحميد فراج.
264 1 _aالإسكندرية :
_bدار المعارف،
_c1967.
300 _a543 ؛ صفحة
_c24 سم.
336 _2rda content
_atext
337 _2rda media
_aComputer
338 _2rda carrier
_aOnline Resource
500 _aيشتمل على ملاحق.
504 _aيحتوي على ارجاعات ببليوجرافية
546 _aالنص باللغة العربية
650 1 4 _aالحكم المحلي
_2qrmak
650 1 4 _aالإدارة المحلية
_2qrmak
651 1 _2qrmak
856 4 0 _uhttps://fll.law.cu.edu.eg/fulltext/bks/B07-00870.pdf
905 _a75
942 _2ddc
_cBK
_e21
_n0
999 _c52459
_d52459